LEADER 01709nam a2200229 i 4500 001 000000017541 003 CaOOAMICUS 005 20240115123136.0 008 180830s1818 it u000 u ita u 040 $aSeMil$bita 100 1 $aBoccaccio, Giovanni,$d<1313-1375>.$0(OLS)http://semarc/name/1203 240 10$aDecameron.$0(OLS)http://semarc/title/35527 245 10$aDecamerone di m. Giovanni Boccaccio ripurgato con somma cura da ogni cosa nocevole al buon costume e corredato con note riguardanti al buon indirizzo di chi desidera scrivere con purita e proprieta toscana a norma dell'uso presente. Si aggiungono col medesimo divisamento le Lettere dello stesso Autore per Alessandro M. Bandiera sanese de' Servi di Maria. Parte 1. [-2.]. 264 1$aVenezia :$bCoi tipi di Francesco Andreola : A spese del Negozio di Libri dell'Apollo,$c1818. 300 $a2 v. ;$c12°. 700 1 $aBandiera, Alessandro Maria,$c.$0(OLS)http://semarc/name/7994 700 1 $aAndreola, Francesco,$c.$0(OLS)http://semarc/name/2709 774 0 $tParte 1.$g1$w()76200 774 0 $tParte 2.$g2$w()204646 996 $6245$aDecamerone di m. Giovanni Boccaccio ripurgato con somma cura da ogni cosa nocevole al buon costume e corredato con note riguardanti al buon indirizzo di chi desidera scrivere con purita e proprieta toscana a norma dell'uso presente. Si aggiungono col medesimo divisamento le Lettere dello stesso Autore per Alessandro M. Bandiera sanese de' Servi di Maria. Parte 1. [-2.]$9(OLS)http://semarc/title/23168 996 $6264$aVenezia :$bCoi tipi di Francesco Andreola : A spese del Negozio di Libri dell'Apollo$9(OLS)http://semarc/publisher/61132 LEADER 01395nam a2200313 i 4500 001 000000119069 003 CaOOAMICUS 005 20031016000000.0 008 031016s1996 it u000 u ita u 013 $a91762 020 $a88-215-3203-8 040 $aSeMil$bita 100 1 $aBallestrero, Anastasio Alberto$b.$0(OLS)http://semarc/name/980 245 10$aPrima le radici :$bcorso di esercizi spirituali sulla vita battesimale /$cAnastasio Ballestrero. 260 $aCinisello Balsamo :$bSan Paolo,$c1996. 300 $a111 p. ;$c21 cm. 490 0 $aVita quotidiana, vita cristiana ;$v22 500 $aFondo Card. C.M. Martini. 650 4$aBattesimo - Commenti.$0(OLS)http://semarc/subject/9052 650 4$aVocazione.$0(OLS)http://semarc/subject/9323 650 4$aEsercizi spirituali - Testi.$0(OLS)http://semarc/subject/3261 830 0$aVita quotidiana, vita cristiana ;$v22.$0(OLS)http://semarc/title/13486 850 $aSeMil 852 $aSeMil$W1$xVenegono$y1$m3F III 88$j74313$B74313$CSeMilBibl$Z2$F98718 $81 941 1 $a4 961 $aOmaggio: Martini Card. Carlo Maria 996 $6020$a88-215-3203-8$9(OLS)http://semarc/number/103838 996 $6245$aPrima le radici :$bcorso di esercizi spirituali sulla vita battesimale$9(OLS)http://semarc/title/174964 996 $6260$aCinisello Balsamo :$bSan Paolo$9(OLS)http://semarc/publisher/30129